2026 F1 Drivers - Statistics

General Stats
  • This quiz has been taken 138 times
  • The average score is 19 of 22
Answer Stats
Driver % Correct
Lando Norris
99%
Lewis Hamilton
98%
Oscar Piastri
98%
Charles Leclerc
96%
George Russell
96%
Max Verstappen
95%
Fernando Alonso
92%
Kimi Antonelli
92%
Lance Stroll
88%
Nico Hulkenberg
88%
Valtteri Bottas
88%
Sergio Perez
87%
Carlos Sainz
84%
Isack Hadjar
84%
Alex Albon
82%
Liam Lawson
82%
Pierre Gasly
82%
Esteban Ocon
80%
Oliver Bearman
80%
Franco Colapinto
77%
Gabriel Bortoleto
75%
Arvid Lindblad
69%
No matching quizzes found
Score Distribution
Percent of People with Each Score
Percentile by Number Answered
Your Score History
You have not taken this quiz